Biblioteca

An Old Testament theology of the Spirit of God (Registro nro. 65565)

Detalles MARC
000 -LÍDER
Campo fijo de descripción fija 02628nam a2200361 i 4500
001 - NÚMERO DE CONTROL
Campo de control 768714001
003 - IDENTIFICADOR DEL NÚMERO DE CONTROL
Campo de control CO-MdFUSB
005 - FECHA Y HORA DE LA ULTIMA TRANSACCIÓN
control field 20200529170429.0
007 - CAMPO FIJO DE DESCRIPCIÓN FIJA--INFORMACIÓN GENERAL
Campo fijo de descripción fija ta
008 - ELEMENTOS DE LONGITUD FIJA -- INFORMACIÓN GENERAL
Campo fijo de descripción fija -- Información general 200330t1995 mau |||| |||| 00| 0 eng d
020 ## - NÚMERO INTERNACIONAL NORMALIZADO PARA LIBROS
Número Internacional Normalizado del libro 9781565630512
040 ## - FUENTE DE CATALOGACIÓN
Agencia de catalogación original CO-MdFUSB
Idioma de catalogación spa
Agencia que realiza la transcripción CO-MdFUSB
Agencia que realiza la modificación CO-MdFUSBC
Convenciones de la descripción rda
041 ## - CÓDIGO DE IDIOMA
Código de idioma para texto/pista de sonido o título separado eng
082 ## - NÚMERO DE CLASIFICACIÓN DECIMAL DEWEY
Número de la edición del Dewey 23
Número de clasificación 231.3
Clave de autor-Numero de item H642
100 ## - ASIENTO PRINCIPAL--NOMBRE PERSONAL
Nombre personal Hildebrandt, Wilf.
Término relacionador autor
245 #3 - TÍTULO
Título del Material An Old Testament theology of the Spirit of God
Mención de responsabilidad, etc. / Wilf Hildebrandt
264 #1 - PRODUCCIÓN, PUBLICACIÓN, DISTRIBUCIÓN, MANUFACTURA, Y COPYRIGHT
Lugar de producción, publicación, distribución, manufactura Massachusetts :
Nombre del productor, publicador, distribuidor Hendrickson Publishers,
Fecha de producción, publicación, distribución, manufactura, o copyright [1995]
264 #4 - PRODUCCIÓN, PUBLICACIÓN, DISTRIBUCIÓN, MANUFACTURA, Y COPYRIGHT
Fecha de producción, publicación, distribución, manufactura, o copyright © 1995
300 ## - DESCRIPCIÓN FÍSICA
Extensión 238 páginas
Dimensiones ; 22 cm
336 ## - TIPO DE CONTENIDO
Fuente rdacontent
Término de tipo de contenido sonidos
Código de tipo de contenido txt
337 ## - TIPO DE MEDIO
Fuente rdamedia
Nombre del tipo de medio sin mediación
Código del tipo de medio n
338 ## - TIPO DE SOPORTE
Fuente rdacarrier
Nombre del tipo de soporte volumen
Código Tipo de soporte nc
500 ## - NOTA GENERAL
Nota General Colección Dawn Christina Harrell<br/>
505 ## - NOTA DE CONTENIDO
Nota de contenido con formato preestablecido 1. El rango semántico de Ruah en el canon hebreo. -- Orígenes y comparaciones. -- Desarrollo cronológico. -- Ruah como viento en la ley, los Profetas y los Escritos. -- La Ruah en relación con la humanidad en la ley, los Profetas, y los Escritos. -- Ruah como el Espíritu de Dios. 2. El Espíritu de Dios en la Creación. -- Génesis 1: El contexto. -- Génesis 1: 2: Análisis filológico y sintáctico. -- La paloma como símbolo del Espíritu. -- El Creador en Isaías 40:13. -- Creación por palabra y Espíritu: Salmo 33: 6. -- El papel de la sabiduría personificada en la Creación: Proverbios 1:23. -- Victoria sobre el caos: Job 26:13. -- La presencia de Dios en el santuario. -- La naturaleza del papel del Espíritu en la creación de la humanidad. -- Bendición y Espíritu - El agua como símbolo del Espíritu de Dios. 3. El Espíritu y el pueblo de Dios. --
505 #0 - NOTA DE CONTENIDO
Nota de contenido con formato preestablecido El establecimiento del pueblo de Dios: Introducción. -- El pilar de la nube y del fuego. -- La preservación del pueblo de Dios: Introducción. -- El juicio de la humanidad: Génesis 6: 3. -- El Espíritu como persona. -- La restauración del pueblo de Dios. 4. El Espíritu de Dios en el liderazgo de Israel. -- El Espíritu y José: Génesis 41:38. -- El Espíritu y Bezalel y Oholiab. -- El Espíritu y Moisés. -- El Espíritu y Josué. -- Liderazgo por el Espíritu democratizado. -- El Espíritu y el liderazgo carismático de los Jueces. -- El Espíritu y el liderazgo de los Reyes. -- El Espíritu y el liderazgo del Mesías. -- El Espíritu y el liderazgo de los profetas. -- El Espíritu y el liderazgo de los sacerdotes.<br/>
563 ## - NOTA DE ENCUADERNACIÓN
Nota de encuadernación Rùstico
630 07 - TITULO UNIFORME
Título uniforme Biblia.
Nombre de parte o sección de la obra Antiguo Testamento
650 #7 - ASIENTO SECUNDARIO DE MATERIA - TERMINO TEMÁTICO
9 (RLIN) 323
Término temático o nombre geográfico como elemento de entrada Dios
650 #0 - ASIENTO SECUNDARIO DE MATERIA - TERMINO TEMÁTICO
9 (RLIN) 50
Término temático o nombre geográfico como elemento de entrada Espíritu Santo
942 ## - TIPO DE MATERIAL (KOHA)
Tipo de Item KOHA Libros General
945 ## - INFORMACIÓN LOCAL DEL REGISTRO
Catalogador JTF-925
Revisión registro AEM-53
Existencias
Estado de Material Estado de Perdido Forma de Clasificación Estado de Dañado No para Préstamo Colección Biblioteca de Origen Biblioteca Permanente Fecha de Adquisición Forma de Adquisición Área Total de Préstamos Signatura Topográfica Código de Barras Última vez visto Ejemplar/Existencia Fecha de Remplazo Tipo de Material
    Dewey Decimal Classification     Colección General Biblioteca FUSBC Biblioteca FUSBC 30/03/2020 Colección Dawn Christina Harrell BIBLIA   G 231.3 H642o 21289 30/03/2020 Ej.1 30/03/2020 Libros General

Biblioteca FUSBC | Teléfono: (57+4) 349 88 10 Ext. 141| WhatsApp (+57) 3005338115 
E-mail: biblioteca@unisbc.edu.co | Calle 76 87-14 Robledo Palenque, Medellín, Colombia

Con tecnología Koha